Biblioteka Instytutu Północnego w Olsztynie

Zbiór fotografii Głównej Komisji Badania Zbrodni przeciwko Narodowi Polskiemu - Instytutu Pamięci Narodowej : (Rekord nr 27612)

Szczegóły MARC
000 -Nagłówek
fixed length control field 02561cam a2200577 i 4500
001 - Nr kontrolny bibl., która utworzyła rek.
control field xx004717050
003 - Siglum bibl., której nr kontr. jest w 001
control field NUKAT
005 - Data i czas ostatniej operacji
control field 20260416125119.0
008 - Elementy pola stałej długości
fixed length control field 191008s2019 pl i |000 0 pol c
020 ## - ISBN
ISBN 9788380981454
035 ## - Systemowy numer kontrolny
systemowy numer kontrolny (OCoLC)1126633659
035 ## - Systemowy numer kontrolny
systemowy numer kontrolny (NUKAT)xx004717050
040 ## - Instytucja sporządzająca opis
Instytucja, która sporządziła opis WA U/EBA
język katalgowania-trzyzn. kod pol
zasady opisu rda
Instytucja, która sporządziła rekord WA U/EBAs
Instytucja, która zmodyfikowała rekord WA U/DSW
-- WA 14/PTs
045 2# - Okres czasu dla zawartości
czas między r. 9999 pne a nasz. czas. d1933
-- d1945
046 ## - Kod rodz. daty, data1, data2 (daty pne)
Begin/single date 2019
245 00 - Tytuł właściwy i oznaczenie odpow.
tytuł Zbiór fotografii Głównej Komisji Badania Zbrodni przeciwko Narodowi Polskiemu - Instytutu Pamięci Narodowej :
dodatek do tytułu indeksy /
dod. inf. ze s. tyt./ozn. odpow. indeks nazwisk i pseudonimów Małgorzata Bielak, Łukasz Rybak ; indeks nazw geograficznych Paweł Tomasik, Cyprian Wilanowski ; Instytut Pamięci Narodowej Komisji Ścigania Zbrodni przeciwko Narodowi Polskiemu.
260 ## - Adres wydawniczy
miejsce wydania, dystrybucji itp. [Warszawa] :
nazwa wydawcy, dystrybutora itp. Instytut Pamięci Narodowej Komisja Ścigania Zbrodni przeciwko Narodowi Polskiemu,
data wydania, dystrybucji itp. © copyright 2019.
300 ## - Opis fizyczny
objętość i/lub forma materiału 286, [2] strony ;
format 25 cm.
336 ## - Content Type
Term Tekst
Code txt
Source rdacontent
337 ## - Media Type
Term Bez urządzenia pośredniczącego
Code n
Source rdamedia
338 ## - Carrier Type
Term Wolumin
Code nc
Source rdacarrier
380 ## - Form of work
Form of work Książki
380 ## - Form of work
Form of work Publikacje informacyjne
388 1# - TIME PERIOD OF CREATION
Time period of creation term 2001-
500 ## - Uwaga ogólna
uwaga ogólna Miejsce wydania na podstawie serwisu e-ISBN.
510 3# - Uwaga o cytowaniu lub źródłach opisu bibliogr.
nazwa źródła BNPol online
610 27 - Hasło przedmiotowe-nazwa ciała zbior.
nazwa ciała zbior. lub geogr. Instytut Pamięci Narodowej
źródło hasła DBN
9 (RLIN) 39618
610 27 - Hasło przedmiotowe-nazwa ciała zbior.
nazwa ciała zbior. lub geogr. Instytut Pamięci Narodowej - Komisja Ścigania Zbrodni przeciwko Narodowi Polskiemu
określnik formy katalogi.
źródło hasła kaba
9 (RLIN) 40161
648 #7 - SUBJECT ADDED ENTRY--CHRONOLOGICAL TERM
Chronological term 1901-2000
Source of heading or term DBN
9 (RLIN) 34996
648 #7 - SUBJECT ADDED ENTRY--CHRONOLOGICAL TERM
Chronological term 1918-1939
Source of heading or term DBN
9 (RLIN) 36041
648 #7 - SUBJECT ADDED ENTRY--CHRONOLOGICAL TERM
Chronological term 1939-1945
Source of heading or term DBN
9 (RLIN) 36042
650 #7 - Hasło przedmiotowe-nazwa pospolita
nazwa pospolita lub geogr. Fotografia dokumentalna
źródło hasła DBN
9 (RLIN) 39457
650 #7 - Hasło przedmiotowe-nazwa pospolita
nazwa pospolita lub geogr. II wojna światowa (1939-1945)
źródło hasła DBN
9 (RLIN) 35099
650 #7 - Hasło przedmiotowe-nazwa pospolita
nazwa pospolita lub geogr. Ludobójstwo niemieckie (1939-1945)
źródło hasła DBN
9 (RLIN) 35441
650 #7 - Hasło przedmiotowe-nazwa pospolita
nazwa pospolita lub geogr. Trzecia Rzesza (1933-1945)
źródło hasła DBN
9 (RLIN) 40162
650 #7 - Hasło przedmiotowe-nazwa pospolita
nazwa pospolita lub geogr. Zbiory archiwalne
źródło hasła DBN
9 (RLIN) 37406
650 #7 - Hasło przedmiotowe-nazwa pospolita
nazwa pospolita lub geogr. Fotografie
określnik rzeczowy kolekcje publiczne
określnik geograficzny Polska
określnik formy katalogi.
źródło hasła kaba
9 (RLIN) 40163
651 #7 - Hasło przedmiotowe-nazwa geogr.
nazwa geograficzna Niemcy
źródło hasła DBN
9 (RLIN) 35243
651 #7 - Hasło przedmiotowe-nazwa geogr.
nazwa geograficzna Polska
źródło hasła DBN
9 (RLIN) 35076
655 #7 - Termin określający rodzaj/formę
rodzaj/forma Indeksy
źródło terminu DBN
9 (RLIN) 39283
658 ## - Nazwa określająca cel programu nauczania
główny cel programu nauczania Bezpieczeństwo i wojskowość
658 ## - Nazwa określająca cel programu nauczania
główny cel programu nauczania Bibliotekarstwo, archiwistyka, muzealnictwo
658 ## - Nazwa określająca cel programu nauczania
główny cel programu nauczania Historia
700 1# - Hasło dodatkowe - nazwa osobowa
nazwa osobowa Bielak, Małgorzata.
rodzaj współpracy Indeks
9 (RLIN) 40164
700 1# - Hasło dodatkowe - nazwa osobowa
nazwa osobowa Rybak, Łukasz
tytuł i in. dopow. dot. nazwy (historia).
rodzaj współpracy Indeks
9 (RLIN) 40165
700 1# - Hasło dodatkowe - nazwa osobowa
nazwa osobowa Tomasik, Paweł.
rodzaj współpracy Indeks
9 (RLIN) 40166
700 1# - Hasło dodatkowe - nazwa osobowa
nazwa osobowa Wilanowski, Cyprian
daty biograficzne (1960- ).
rodzaj współpracy Indeks
9 (RLIN) 40167
710 2# - Hasło dodatkowe - nazwa ciała zbior.
nazwa ciała zbior. lub nazwa geogr. Instytut Pamięci Narodowej - Komisja Ścigania Zbrodni przeciwko Narodowi Polskiemu.
rodzaj współpracy Instytucja sprawcza
-- Wydawca
kod rodzaju współpracy pbl
9 (RLIN) 11792
920 ## - ISBN
ISBN 978-83-8098-145-4
942 ## - ADDED ENTRY ELEMENTS (KOHA)
Source of classification or shelving scheme Dewey Decimal Classification
Koha item type pozycje dostępne na miejscu
Egzemplarze
Status wycofania Status zagubienia Klasyfikacja Status uszkodzenia Blokada wypożyczeń Kolekcja Lokalizacja macierzysta Lokalizacja bieżąca Data nabycia Numer akcesji Źródło akcesji Cena Nr inwentarzowy il. wypożyczeń Sygnatura Kod kreskowy Date last seen Price effective from Typ egz.
    Dewey Decimal Classification nieuszkodzona   książka w magazynie Biblioteka Instytutu Północnego w Olsztynie Biblioteka Instytutu Północnego w Olsztynie 15/11/2019 D-38/2019 dar 25.00 59906   59906 IPWK21605 16/04/2026 16/04/2026 pozycje dostępne na miejscu
Biblioteka Instytutu Północnego, ul. Partyzantów 87, 10-402 Olsztyn, email: biblioteka(at)ip.olsztyn.pl